00754cam a2200217 a 450000100100000000500170001000800410002702000150006804000290008304100110011205000240012308200280014710000330017524500720020825000110028026000510029130000380034265000620038065000610044270000330050300001187220200929162611.0730710s1973 nyua 001 0 fre d a0030070112 aDO-SdBNPbengcLCdBNPHU0 afreeng00aPC2129.E5bH37 1973 a448/.3/421bH313b, 19731 aHarris, Julian Earle,d1896-10aBasic conversational French /cJulian Harris y André Lévêque. a5a ed. aNew York :bHolt, Rinehart and Winston,c1973. axvi, 454, lvi p. :bil. ;c24 cm. 0aFrench languagexTextbooks for foreign speakersxEnglish. 0aFrench languagexConversation and phrase booksxEnglish.1 aLévêque, André,d1904-